<?xml version="1.0" encoding="UTF-8"?><?xml-stylesheet type="text/xsl" href="static/style.xsl"?><OAI-PMH xmlns="http://www.openarchives.org/OAI/2.0/" xmlns:xsi="http://www.w3.org/2001/XMLSchema-instance" xsi:schemaLocation="http://www.openarchives.org/OAI/2.0/ http://www.openarchives.org/OAI/2.0/OAI-PMH.xsd"><responseDate>2026-04-17T05:51:48Z</responseDate><request verb="GetRecord" identifier="oai:www.recercat.cat:2445/151117" metadataPrefix="marc">https://recercat.cat/oai/request</request><GetRecord><record><header><identifier>oai:recercat.cat:2445/151117</identifier><datestamp>2025-11-19T11:00:17Z</datestamp><setSpec>com_2072_1057</setSpec><setSpec>col_2072_478821</setSpec><setSpec>col_2072_478917</setSpec></header><metadata><record xmlns="http://www.loc.gov/MARC21/slim" xmlns:dcterms="http://purl.org/dc/terms/" xmlns:xsi="http://www.w3.org/2001/XMLSchema-instance" xmlns:doc="http://www.lyncode.com/xoai" xsi:schemaLocation="http://www.loc.gov/MARC21/slim http://www.loc.gov/standards/marcxml/schema/MARC21slim.xsd">
   <leader>00925njm 22002777a 4500</leader>
   <datafield ind2=" " ind1=" " tag="042">
      <subfield code="a">dc</subfield>
   </datafield>
   <datafield ind2=" " ind1=" " tag="720">
      <subfield code="a">Turco, Marco</subfield>
      <subfield code="e">author</subfield>
   </datafield>
   <datafield ind2=" " ind1=" " tag="720">
      <subfield code="a">Marcos Matamoros, Raül</subfield>
      <subfield code="e">author</subfield>
   </datafield>
   <datafield ind2=" " ind1=" " tag="720">
      <subfield code="a">Castro, Xavier</subfield>
      <subfield code="e">author</subfield>
   </datafield>
   <datafield ind2=" " ind1=" " tag="720">
      <subfield code="a">Canyameras, Esteve</subfield>
      <subfield code="e">author</subfield>
   </datafield>
   <datafield ind2=" " ind1=" " tag="720">
      <subfield code="a">Llasat Botija, María del Carmen</subfield>
      <subfield code="e">author</subfield>
   </datafield>
   <datafield ind2=" " ind1=" " tag="260">
      <subfield code="c">2020-02-25T08:14:17Z</subfield>
   </datafield>
   <datafield ind2=" " ind1=" " tag="260">
      <subfield code="c">2021-04-23T05:10:20Z</subfield>
   </datafield>
   <datafield ind2=" " ind1=" " tag="260">
      <subfield code="c">2019-04-23</subfield>
   </datafield>
   <datafield ind2=" " ind1=" " tag="260">
      <subfield code="c">2020-02-25T08:14:18Z</subfield>
   </datafield>
   <datafield ind2=" " ind1=" " tag="520">
      <subfield code="a">In this paper, we assess and develop a climate service focused on the production of seasonal predictions for summer wildfires in a Mediterranean region through a participatory approach with end-users. We start by building a data-driven model that links a drought indicator (Standardised Precipitation Evapotranspiration Index; SPEI) with a series of burned areas in Catalonia (northeastern Spain). Afterwards, we feed this model with SPEI forecasts obtained through a combination of the antecedent observed conditions and climatology. Finally, we assess the forecasting skill of the system by using cross-validation to evaluate the predictions as if they had been made operationally. Our fire forecasting system reveals an untapped and useful burned area predictive ability. We argue that this source of predictability is mostly attributable to the effect of observed initial conditions on summer drought conditions. This system was conceived with the stakeholders, merging climate-driven predictions with information that is of interests to the users, including the identification of climate variables, thresholds and models. The co-production of this customized system allows fire-risk outlooks to be translated into usable information for fire management. This fire forecasting ability plays a crucial role in developing proactive fire management practices such as long-term fuel assessment and other fire-risk planning, thus minimising the impact of adverse climate conditions on summer burned area.</subfield>
   </datafield>
   <datafield tag="653" ind2=" " ind1=" ">
      <subfield code="a">Previsió del temps</subfield>
   </datafield>
   <datafield tag="653" ind2=" " ind1=" ">
      <subfield code="a">Prevenció d'incendis</subfield>
   </datafield>
   <datafield tag="653" ind2=" " ind1=" ">
      <subfield code="a">Mediterrània (Regió)</subfield>
   </datafield>
   <datafield tag="653" ind2=" " ind1=" ">
      <subfield code="a">Weather forecasting</subfield>
   </datafield>
   <datafield tag="653" ind2=" " ind1=" ">
      <subfield code="a">Fire prevention</subfield>
   </datafield>
   <datafield tag="653" ind2=" " ind1=" ">
      <subfield code="a">Mediterranean Region</subfield>
   </datafield>
   <datafield ind2="0" ind1="0" tag="245">
      <subfield code="a">Seasonal prediction of climate-driven fire risk for decision-making and operational applications in a Mediterranean Region</subfield>
   </datafield>
</record></metadata></record></GetRecord></OAI-PMH>